| 000 | 00501cam a2200205ua 4500 | ||
|---|---|---|---|
| 001 | 7577 | ||
| 008 | 141217n ii |||gr||||Z||||||asm | ||
| 020 | _a9789382726302 | ||
| 040 | _cMAIN | ||
| 041 | _aasm | ||
| 082 | _a303.625 | ||
| 100 |
_aNath, M. Kr., _eAuthor. |
||
| 245 | 1 |
_aUlfa : _bXeujiya xapon tezranga itihax / _cBy Manoj Kr. Nath . |
|
| 250 | _a1st. | ||
| 260 |
_aGuwahati: _bAank-baak, _c2013. |
||
| 300 | _a255p. | ||
| 653 | _aSocial processes | ||
| 653 | _aTerrorism | ||
| 942 | _cBK | ||
| 999 |
_c6699 _d6699 |
||